[Event "GBR-ch 95th"]
[Site "Liverpool"]
[Date "2008.08.01"]
[Round "5.22"]
[White "Mason, Donald"]
[Black "Williamson, Roger G"]
[Result "0-1"]
[WhiteElo "2268"]
[BlackElo "2169"]
[PlyCount "70"]
[EventDate "2008.07.28"]
[EventType "swiss"]
[EventRounds "11"]
[EventCountry "GBR"]

1. e4 e5 2. Nf3 Nc6 3. Bb5 a6 4. Ba4 Nf6 5. O-O Be7 6. Re1 b5 7. Bb3 d6 8. c3
O-O 9. h3 Na5 10. Bc2 c5 11. d4 Qc7 12. Nbd2 cxd4 13. cxd4 Bb7 14. d5 Bc8 15.
Nf1 Ne8 16. Bd3 Bd7 17. Bd2 Nb7 18. Rc1 Qb8 19. b4 g6 20. g4 Nd8 21. Qe2 Qb7
22. Kh2 f6 23. Bc3 Ng7 24. N3d2 f5 25. Nb3 fxg4 26. hxg4 h5 27. f3 hxg4 28.
fxg4 Bh4 29. Rc2 Bxe1 30. Bxe1 Rc8 31. Rxc8 Qxc8 32. Ne3 Rf4 33. Bh4 Nf7 34.
Qc2 Rf3 35. Bf2 Qxc2 0-1

[Event "GBR-ch 95th"]
[Site "Liverpool"]
[Date "2008.08.01"]
[Round "5.23"]
[White "Barrett, Steve"]
[Black "Dilleigh, Steve"]
[Result "1-0"]
[WhiteElo "2251"]
[BlackElo "2131"]
[PlyCount "51"]
[EventDate "2008.07.28"]
[EventType "swiss"]
[EventRounds "11"]
[EventCountry "GBR"]

1. d4 e6 2. Nf3 Nf6 3. e3 d5 4. Bd3 c5 5. b3 Nc6 6. O-O Bd6 7. Bb2 O-O 8. Ne5
Qc7 9. Nxc6 bxc6 10. dxc5 Bxh2+ 11. Kh1 Be5 12. Nc3 Qa5 13. Qe1 Qxc5 14. f4 Bc7
15. Qh4 h6 16. Rf3 Qe7 17. g4 e5 18. g5 Ng4 19. Bh7+ Kh8 20. Rg1 Bd6 21. Bd3 e4
22. Nxd5 cxd5 23. Rxg4 Kg8 24. Bf6 hxg5 25. Rh3 gxh4 26. Rxg7+ 1-0

[Event "GBR-ch 95th"]
[Site "Liverpool"]
[Date "2008.08.01"]
[Round "5.24"]
[White "Surtees, Michael"]
[Black "Kett, Timothy"]
[Result "1/2-1/2"]
[WhiteElo "2182"]
[BlackElo "2247"]
[PlyCount "114"]
[EventDate "2008.07.28"]
[EventType "swiss"]
[EventRounds "11"]
[EventCountry "GBR"]

1. e4 e5 2. a3 Nf6 3. d3 d5 4. f4 dxe4 5. fxe5 Ng4 6. d4 e3 7. Nc3 Nc6 8. Bb5
Nf2 9. Qf3 Nxh1 10. Bxe3 a6 11. Ba4 Be7 12. d5 b5 13. dxc6 bxa4 14. Rd1 Bh4+
15. Kf1 Qe7 16. Nd5 Qxe5 17. Bf4 Qxb2 18. Nxc7+ Kf8 19. g3 h5 20. Qe4 Bg4 21.
Re1 Be6 22. Nxe6+ fxe6 23. Qxe6 Qf6 24. Nf3 Qxe6 25. Rxe6 Kf7 26. Rd6 Bf6 27.
c7 Rhc8 28. Rc6 Ra7 29. Kg2 Ke7 30. Kxh1 g5 31. Bd6+ Kd7 32. Rb6 g4 33. Ne5+
Bxe5 34. Bxe5 a5 35. Rh6 Rcxc7 36. Bxc7 Rxc7 37. Rxh5 Rxc2 38. Rxa5 Rc4 39. Ra6
Ke7 40. Kg1 Kf7 41. Kf2 Re4 42. Rh6 Kg7 43. Rh4 Kg6 44. h3 Kg5 45. hxg4 Rxg4
46. Rh8 Rc4 47. Ra8 Kg4 48. Ke2 Kxg3 49. Kd3 Rf4 50. Kc3 Kg4 51. Rb8 Rf3+ 52.
Kb2 Rf2+ 53. Kc1 Kf4 54. Rb4+ Ke3 55. Rxa4 Kd3 56. Rh4 Kc3 57. Rh3+ Kc4 1/2-1/2

[Event "GBR-ch 95th"]
[Site "Liverpool"]
[Date "2008.08.01"]
[Round "5.25"]
[White "Lyell, Mark"]
[Black "Sen, Subin"]
[Result "1-0"]
[WhiteElo "2232"]
[BlackElo "2050"]
[PlyCount "85"]
[EventDate "2008.07.28"]
[EventType "swiss"]
[EventRounds "11"]
[EventCountry "GBR"]

1. e4 c5 2. Nc3 d6 3. f4 Nc6 4. Bb5 Bd7 5. Nf3 g6 6. O-O Bg7 7. d3 Nd4 8. Bxd7+
Qxd7 9. Be3 Rc8 10. Qd2 Nh6 11. h3 f5 12. Bxd4 cxd4 13. Ne2 Qb5 14. Nfxd4 Qb6
15. e5 dxe5 16. fxe5 Bxe5 17. c3 Bg7 18. Kh1 e5 19. Nf3 O-O 20. d4 e4 21. Ng5
Nf7 22. Nxf7 Rxf7 23. Rad1 Re8 24. b3 h6 25. d5 g5 26. d6 f4 27. Qd5 Qc6 28. c4
Qd7 29. c5 Re5 30. Qc4 f3 31. Ng3 Kh8 32. Kh2 Rf4 33. Nh5 Rh4 34. Nxg7 Kxg7 35.
Qc3 Qe6 36. d7 fxg2 37. d8=Q gxf1=Q 38. Rxf1 e3 39. Qf8+ Kg6 40. Qd3+ Ree4 41.
Qdd6 Rxh3+ 42. Kg2 e2 43. Qf7# 1-0

[Event "GBR-ch 95th"]
[Site "Liverpool"]
[Date "2008.08.01"]
[Round "5.26"]
[White "Woods, Connor"]
[Black "Briscoe, Christopher"]
[Result "0-1"]
[WhiteElo "1934"]
[BlackElo "2232"]
[PlyCount "80"]
[EventDate "2008.07.28"]
[EventType "swiss"]
[EventRounds "11"]
[EventCountry "GBR"]

1. Nf3 Nf6 2. c4 e6 3. g3 b6 4. Bg2 Bb7 5. O-O c5 6. d4 cxd4 7. Qxd4 d6 8. Nc3
a6 9. e4 Be7 10. Rd1 O-O 11. b3 Nbd7 12. Bb2 Qc7 13. Rac1 Rac8 14. h3 Qb8 15.
Qe3 b5 16. cxb5 axb5 17. Nd4 b4 18. Nce2 Qa8 19. f3 Rc5 20. g4 g6 21. g5 Nh5
22. f4 e5 23. f5 exd4 24. Qxd4 Re5 25. Rc7 Bxe4 26. Ra7 Qc6 27. Rc1 Qb5 28. Bf1
Bxg5 29. Ng3 Qb6 30. Qxb6 Nxb6 31. Nxh5 gxh5 32. Re1 Ree8 33. Bb5 Ra8 34. h4
Rxa7 35. Rxe4 Re7 36. Rxb4 Be3+ 37. Kg2 Bc5 38. Rf4 Nd5 39. Rf3 Ne3+ 40. Kh3
Ng4 0-1

[Event "GBR-ch 95th"]
[Site "Liverpool"]
[Date "2008.08.01"]
[Round "5.27"]
[White "Jackson, Oliver"]
[Black "Russell, Christopher"]
[Result "1-0"]
[WhiteElo "2221"]
[BlackElo "2036"]
[PlyCount "65"]
[EventDate "2008.07.28"]
[EventType "swiss"]
[EventRounds "11"]
[EventCountry "GBR"]

1. e4 e6 2. d4 d5 3. Nc3 Bb4 4. e5 c5 5. a3 Ba5 6. b4 cxd4 7. Nb5 Bc7 8. f4 Bd7
9. Nxd4 Ne7 10. Ngf3 Bb6 11. Bd3 Qc7 12. Bb2 a6 13. O-O Nbc6 14. Kh1 Nxd4 15.
Nxd4 g6 16. Qe1 Bxd4 17. Bxd4 Bb5 18. a4 Bxd3 19. cxd3 Nf5 20. Bc5 b6 21. Bf2
O-O 22. g4 Nh6 23. Qe2 Rfc8 24. Qf3 Qc3 25. Bh4 Kf8 26. Bg5 Ng8 27. f5 gxf5 28.
gxf5 Qxe5 29. fxe6 Qxe6 30. Rae1 Qg6 31. Rg1 Qd6 32. Bf4 Qf6 33. Qg3 1-0

[Event "GBR-ch 95th"]
[Site "Liverpool"]
[Date "2008.08.01"]
[Round "5.28"]
[White "Garnett, John S"]
[Black "Rayner, Francis"]
[Result "0-1"]
[WhiteElo "2030"]
[BlackElo "2207"]
[PlyCount "90"]
[EventDate "2008.07.28"]
[EventType "swiss"]
[EventRounds "11"]
[EventCountry "GBR"]

1. d4 Nf6 2. Bg5 d6 3. Bxf6 exf6 4. e3 Be7 5. Bd3 f5 6. c4 O-O 7. Nc3 Re8 8.
Nge2 g6 9. O-O Nd7 10. Rc1 Nf6 11. Nf4 Bf8 12. Qf3 c6 13. Rfe1 Bd7 14. b4 Qe7
15. e4 fxe4 16. Nxe4 Nxe4 17. Rxe4 Qf6 18. Rd1 Bh6 19. Ne2 Qxf3 20. gxf3 Be6
21. Nc3 Bg7 22. Rde1 Kf8 23. f4 Rec8 24. Ne2 d5 25. cxd5 Bxd5 26. Re3 Bxa2 27.
f5 Bd5 28. fxg6 hxg6 29. f4 Re8 30. Rxe8+ Rxe8 31. Kf2 f5 32. Rd1 Kf7 33. Bb1
Rh8 34. Kg3 Bf6 35. h3 Bh4+ 36. Kh2 Bf3 37. Rd2 Be1 38. Rb2 Re8 39. Ng1 Be4 40.
b5 Bc3 41. Rb3 Bxd4 42. bxc6 Bxc6 43. Rd3 Rd8 44. Ra3 Bc5 45. Ra5 Rd2+ 0-1

[Event "GBR-ch 95th"]
[Site "Liverpool"]
[Date "2008.08.01"]
[Round "5.29"]
[White "Shaw, Peter"]
[Black "Goodger, Martyn"]
[Result "1-0"]
[WhiteElo "2127"]
[BlackElo "2187"]
[PlyCount "133"]
[EventDate "2008.07.28"]
[EventType "swiss"]
[EventRounds "11"]
[EventCountry "GBR"]

1. d4 f5 2. g3 Nf6 3. Bg2 e6 4. Nf3 d5 5. c4 c6 6. O-O Bd6 7. b3 Qe7 8. a4 a5
9. Ba3 Bxa3 10. Nxa3 O-O 11. Nc2 b6 12. Nce1 Na6 13. Nd3 Bb7 14. Rc1 c5 15.
cxd5 Bxd5 16. dxc5 Nxc5 17. Nxc5 bxc5 18. Ne5 Rfd8 19. Qc2 Qb7 20. Bxd5 Qxd5
21. Nc4 Qb7 22. Rfd1 Rd4 23. Nd6 Rxd1+ 24. Rxd1 Qb4 25. Qc4 Qxc4 26. Nxc4 Nd5
27. Rc1 Kf8 28. Ne5 Ke7 29. Rxc5 Kd6 30. Rxa5 Rxa5 31. Nc4+ Kc5 32. Nxa5 Kb4
33. Nc6+ Kxb3 34. Nd4+ Kxa4 35. Nxe6 g6 36. Kg2 Kb5 37. Ng5 Nf6 38. Kf3 Kc6 39.
e4 fxe4+ 40. Nxe4 Nd7 41. Kf4 Kd5 42. h4 Nf8 43. Ng5 Kd6 44. h5 gxh5 45. Kf5
Ke7 46. Nh3 h4 47. gxh4 Kf7 48. Ng5+ Kg8 49. f4 Ng6 50. Nf3 Kg7 51. Kg5 Nf8 52.
f5 Nd7 53. Nd4 h6+ 54. Kf4 Kf6 55. Nc6 Nb6 56. Nb4 Nd7 57. Nd5+ Kf7 58. Ne3 Kf6
59. Ng4+ Kg7 60. Ke4 h5 61. Ne3 Nf6+ 62. Kf4 Kh6 63. Ke5 Kg7 64. Ke6 Ng4 65.
Nxg4 hxg4 66. f6+ Kf8 67. h5 1-0

[Event "GBR-ch 95th"]
[Site "Liverpool"]
[Date "2008.08.01"]
[Round "5.30"]
[White "Waters, Clive L"]
[Black "Gavriel, Tryfon"]
[Result "1/2-1/2"]
[WhiteElo "2096"]
[BlackElo "2180"]
[PlyCount "83"]
[EventDate "2008.07.28"]
[EventType "swiss"]
[EventRounds "11"]
[EventCountry "GBR"]

1. e4 e6 2. d4 d5 3. Nc3 Nf6 4. Bg5 dxe4 5. Nxe4 Be7 6. Bxf6 gxf6 7. Nf3 f5 8.
Nc3 c6 9. g3 Nd7 10. Bg2 Qc7 11. Qe2 Bf6 12. O-O Kf8 13. Rfe1 h5 14. Ne5 Nxe5
15. dxe5 Be7 16. Rad1 h4 17. Qc4 hxg3 18. hxg3 a6 19. Bf3 c5 20. Kg2 Rg8 21. a4
Bd7 22. Qe2 Bg5 23. Qd3 Bc6 24. Qd6+ Qxd6 25. Rxd6 Be8 26. Bxb7 Rb8 27. Bf3
Rxb2 28. Re2 a5 29. Ra6 Bd8 30. Ra8 Bb6 31. Nb5 Kg7 32. Ra6 Bd8 33. Bc6 Rb4 34.
Bxe8 Rxe8 35. Rd2 Rxa4 36. Ra8 Bg5 37. Rxe8 Bxd2 38. Nd6 Ra2 39. Re7 Rxc2 40.
Rxf7+ Kg8 41. Re7 Be3 42. Re8+ 1/2-1/2

[Event "GBR-ch 95th"]
[Site "Liverpool"]
[Date "2008.08.01"]
[Round "5.31"]
[White "Coates, David H"]
[Black "James, David J"]
[Result "0-1"]
[WhiteElo "2037"]
[BlackElo "2177"]
[PlyCount "78"]
[EventDate "2008.07.28"]
[EventType "swiss"]
[EventRounds "11"]
[EventCountry "GBR"]

1. e4 c5 2. Nf3 d6 3. d4 cxd4 4. Nxd4 Nf6 5. Nc3 a6 6. Bg5 e6 7. f4 Nbd7 8. Qf3
Qc7 9. O-O-O b5 10. Bd3 Bb7 11. Rhe1 Qb6 12. Nd5 Qxd4 13. Bxf6 gxf6 14. Bxb5
Qc5 15. b4 Qa7 16. Nxf6+ Ke7 17. Nxd7 axb5 18. Nxf8 Rhxf8 19. Qd3 Qa3+ 20. Qxa3
Rxa3 21. Kb2 Rfa8 22. Ra1 d5 23. e5 d4 24. Red1 Bxg2 25. Rxd4 Bd5 26. f5 Rxa2+
27. Rxa2 Rxa2+ 28. Kb1 Ra8 29. f6+ Kd7 30. Rg4 Kc6 31. Rg7 Rf8 32. Rxh7 Be4 33.
Rh3 Kd5 34. Rc3 Kxe5 35. Rc5+ Kxf6 36. Kb2 Rh8 37. Rxb5 Rxh2 38. Rc5 Rxc2+ 39.
Rxc2 Bxc2 0-1

[Event "GBR-ch 95th"]
[Site "Liverpool"]
[Date "2008.08.01"]
[Round "5.33"]
[White "McCullough, Simon L"]
[Black "Yeo, Michael J"]
[Result "0-1"]
[WhiteElo "1910"]
[BlackElo "2110"]
[PlyCount "148"]
[EventDate "2008.07.28"]
[EventType "swiss"]
[EventRounds "11"]
[EventCountry "GBR"]

1. Nf3 d5 2. b3 Nc6 3. d4 Bg4 4. e3 e6 5. Bb2 Nf6 6. Be2 Bb4+ 7. c3 Bd6 8. Nbd2
O-O 9. O-O Ne4 10. Nxe4 dxe4 11. Nd2 Bxe2 12. Qxe2 f5 13. f3 exf3 14. Rxf3 e5
15. Raf1 Qd7 16. Qb5 a6 17. Qd5+ Kh8 18. Rh3 exd4 19. c4 dxe3 20. Nf3 Qe7 21.
Nh4 Qf7 22. Qd3 Bc5 23. Kh1 Rad8 24. Qb1 e2 25. Re1 Qh5 26. Nf3 Qe8 27. Qc1 Bd4
28. Nxd4 Nxd4 29. Bxd4 Rxd4 30. Re3 Re4 31. R1xe2 Qe7 32. Rxe4 fxe4 33. h3 Qe5
34. Qe1 Re8 35. Re3 h6 36. Qh4 Kh7 37. Qg4 Re7 38. Qh4 Re6 39. Qg4 Qa1+ 40. Kh2
Qe5+ 41. Kh1 g6 42. Qd1 Kg7 43. Qd7+ Re7 44. Qd2 g5 45. Kg1 Kg6 46. Kh1 h5 47.
Qd8 Kg7 48. Qd1 Qf4 49. Qd4+ Kg6 50. Kg1 g4 51. g3 Qe5 52. Qxe5 Rxe5 53. hxg4
hxg4 54. Kf2 Kf5 55. Rc3 Re6 56. c5 Ke5 57. Rc4 Rf6+ 58. Ke2 Rf3 59. Rb4 Rc3
60. Rxb7 Rxc5 61. Kd2 Rc6 62. Rb8 Rd6+ 63. Ke2 Rd3 64. Ra8 Rxg3 65. Rxa6 Rc3
66. Kd2 Rd3+ 67. Ke2 g3 68. Rg6 Kd4 69. Rg4 Re3+ 70. Kd2 Rf3 71. Ke2 Rd3 72.
Rg7 Rc3 73. Rd7+ Ke5 74. Rf7 g2 0-1

[Event "GBR-ch 95th"]
[Site "Liverpool"]
[Date "2008.08.01"]
[Round "5.34"]
[White "Gibson, Chris A"]
[Black "Davis, Lee"]
[Result "1-0"]
[WhiteElo "2003"]
[BlackElo "2071"]
[PlyCount "147"]
[EventDate "2008.07.28"]
[EventType "swiss"]
[EventRounds "11"]
[EventCountry "GBR"]

1. d4 Nf6 2. c4 g6 3. Nc3 Bg7 4. e4 d6 5. f3 O-O 6. Be3 Nc6 7. Qd2 a6 8. Nge2
Rb8 9. Nc1 e5 10. d5 Nd4 11. N1e2 c5 12. dxc6 bxc6 13. Nxd4 exd4 14. Bxd4 d5
15. cxd5 cxd5 16. e5 Nd7 17. f4 f6 18. e6 Re8 19. f5 gxf5 20. Bd3 Rxe6+ 21. Ne2
Ne5 22. Bxf5 Re8 23. Bc2 Bg4 24. O-O Qd7 25. Ng3 Bh8 26. Bf5 Bxf5 27. Nxf5 Bg7
28. Rad1 Re6 29. b3 Rbe8 30. Bc3 Rd8 31. Ba5 Qa7+ 32. Qd4 Rd7 33. Qxa7 Rxa7 34.
Rxd5 Re8 35. Rfd1 Bf8 36. Rd8 Bc5+ 37. Kf1 Ra8 38. Rxa8 Rxa8 39. Rc1 Bf8 40.
Rc7 Re8 41. Nd4 Ng4 42. h3 Ne3+ 43. Kf2 Bh6 44. Kf3 Nd5 45. Rc6 Re3+ 46. Kf2
Re4 47. Nf3 Be3+ 48. Kf1 Bf4 49. Rxa6 Ne3+ 50. Kg1 Nf5 51. Bd2 Bd6 52. Rc6 Re6
53. Bf4 Kf7 54. Bxd6 Rxd6 55. Rxd6 Nxd6 56. Kf2 f5 57. Ke3 h6 58. Nd4 Kf6 59.
Kf4 Ne4 60. Nxf5 Nc3 61. Nxh6 Nxa2 62. g4 Nc1 63. h4 Nxb3 64. h5 Nd4 65. g5+
Ke6 66. Ng8 Kf7 67. Nf6 Ne6+ 68. Kg4 Nxg5 69. Kxg5 Kg7 70. Ng4 Kh7 71. h6 Kh8
72. Kg6 Kg8 73. Ne5 Kh8 74. Nf7+ 1-0

[Event "GBR-ch 95th"]
[Site "Liverpool"]
[Date "2008.08.02"]
[Round "6.2"]
[White "Conquest, Stuart"]
[Black "Davies, Nigel R"]
[Result "1/2-1/2"]
[WhiteElo "2536"]
[BlackElo "2478"]
[PlyCount "145"]
[EventDate "2008.07.28"]
[EventType "swiss"]
[EventRounds "11"]
[EventCountry "GBR"]

1. e4 c5 2. Nf3 e6 3. d4 cxd4 4. Nxd4 a6 5. Bd3 Qb6 6. c3 Nc6 7. Nc2 Nf6 8. O-O
Be7 9. c4 O-O 10. Nc3 d6 11. b3 Ne5 12. Be2 Qc7 13. Bb2 b6 14. Rc1 Bb7 15. f3
Ng6 16. Kh1 Nh5 17. Nd4 Nhf4 18. Bd3 Nxd3 19. Qxd3 Ne5 20. Qd2 Rfe8 21. Rfd1
Rad8 22. Qf2 Qb8 23. Qg3 Bf6 24. Nde2 Ng6 25. Qf2 Bc6 26. Ng3 Be5 27. Rc2 b5
28. cxb5 axb5 29. Nce2 Bxb2 30. Rxb2 d5 31. exd5 Bxd5 32. Rbd2 Rc8 33. Qd4 Qe5
34. Qb4 h5 35. h3 h4 36. Nf1 Ba8 37. Nd4 Rc5 38. Ne3 Rec8 39. Ng4 Qf4 40. Qa3
Rd5 41. Qb2 Rcd8 42. b4 e5 43. Nb3 Qxb4 44. Rxd5 Rxd5 45. Rc1 Kh7 46. Qc2 Qe7
47. Re1 Kg8 48. Qc8+ Qd8 49. Qxd8+ Rxd8 50. Nxe5 Nf4 51. Kg1 Bd5 52. Rd1 Re8
53. Nd3 Ne2+ 54. Kf2 Nc3 55. Re1 Ra8 56. Nb4 Bc4 57. Nd4 Ra4 58. Ndc6 Nxa2 59.
Rb1 Kh7 60. Ke3 Nxb4 61. Nxb4 Kg6 62. Rb2 Kf5 63. Nc6 Ra3+ 64. Kf2 Rd3 65. Re2
Rd6 66. Ne7+ Kf6 67. Re4 Be6 68. Ng8+ Kg5 69. f4+ Kf5 70. Ke3 Bc4 71. Re5+ Kg6
72. Ne7+ Kf6 73. Ng8+ 1/2-1/2

[Event "GBR-ch 95th"]
[Site "Liverpool"]
[Date "2008.08.02"]
[Round "6.5"]
[White "Gordon, Stephen J"]
[Black "Hawkins, Jonathan"]
[Result "1/2-1/2"]
[WhiteElo "2508"]
[BlackElo "2232"]
[PlyCount "105"]
[EventDate "2008.07.28"]
[EventType "swiss"]
[EventRounds "11"]
[EventCountry "GBR"]

1. d4 Nf6 2. c4 g6 3. Nc3 Bg7 4. e4 d6 5. f3 c6 6. Be3 a6 7. c5 b5 8. cxd6 exd6
9. Qd2 O-O 10. Nge2 Nbd7 11. Rd1 Nb6 12. Nc1 b4 13. Nb1 a5 14. b3 Re8 15. Bd3
Nfd5 16. Bg5 f6 17. Bh4 g5 18. Bg3 f5 19. Ne2 Nf4 20. Bxf4 gxf4 21. O-O Qg5 22.
Kh1 Bh6 23. Qc2 Bd7 24. Nd2 Kh8 25. Rg1 fxe4 26. fxe4 Rg8 27. Nf3 Qg4 28. Rdf1
Rg7 29. Rf2 a4 30. Qd2 axb3 31. axb3 c5 32. e5 Qe6 33. dxc5 dxc5 34. Be4 Rag8
35. Qc2 Nc8 36. Qxc5 Qxb3 37. Ned4 Qe3 38. Re2 Qc3 39. Qxc3 bxc3 40. e6 Be8 41.
Nf5 Rg6 42. Bd3 Bg7 43. N3h4 Rg5 44. Rf1 f3 45. Nxf3 Rxf5 46. Bxf5 Bb5 47. Rfe1
Bxe2 48. Rxe2 Ne7 49. Be4 Bf6 50. g3 Kg7 51. Kg2 Rb8 52. Kf2 Rb6 53. Bc2
1/2-1/2

[Event "GBR-ch 95th"]
[Site "Liverpool"]
[Date "2008.08.02"]
[Round "6.6"]
[White "Kolbus, Dietmar"]
[Black "Arkell, Keith"]
[Result "1/2-1/2"]
[WhiteElo "2393"]
[BlackElo "2506"]
[PlyCount "80"]
[EventDate "2008.07.28"]
[EventType "swiss"]
[EventRounds "11"]
[EventCountry "GBR"]

1. c4 c5 2. Nf3 Nf6 3. d4 cxd4 4. Nxd4 Nc6 5. Nc3 g6 6. e4 d6 7. Be2 Nxd4 8.
Qxd4 Bg7 9. Bg5 O-O 10. Qd2 Be6 11. Rc1 a6 12. b3 Qa5 13. f3 Rfb8 14. Nd5 Qxd2+
15. Kxd2 Bxd5 16. cxd5 Rc8 17. Rxc8+ Rxc8 18. Rc1 Rxc1 19. Kxc1 Kf8 20. Kc2 Nd7
21. Be3 Ke8 22. Bd3 Kd8 23. a4 Nc5 24. Be2 a5 25. Bb5 b6 26. g4 Be5 27. h3 Bf6
28. Bf2 g5 29. Be3 h6 30. Bf2 e6 31. Bc4 Ke7 32. Kd2 Ba1 33. h4 Kf6 34. hxg5+
hxg5 35. Be3 Be5 36. Ke2 Bc3 37. Bf2 Be5 38. Be3 Bc3 39. Bf2 Be5 40. Be3 Bc3
1/2-1/2

[Event "GBR-ch 95th"]
[Site "Liverpool"]
[Date "2008.08.02"]
[Round "6.7"]
[White "Rendle, Thomas"]
[Black "Ledger, Andrew"]
[Result "1/2-1/2"]
[WhiteElo "2363"]
[BlackElo "2423"]
[PlyCount "25"]
[EventDate "2008.07.28"]
[EventType "swiss"]
[EventRounds "11"]
[EventCountry "GBR"]

1. e4 c6 2. Nf3 d5 3. exd5 cxd5 4. Ne5 Nf6 5. d4 g6 6. Bd3 Bg7 7. O-O O-O 8. c3
Nc6 9. Qe2 Nxe5 10. dxe5 Nd7 11. f4 Nc5 12. Bc2 b6 13. Rd1 1/2-1/2

[Event "GBR-ch 95th"]
[Site "Liverpool"]
[Date "2008.08.02"]
[Round "6.8"]
[White "Berry, Stephen"]
[Black "Pert, Nicholas"]
[Result "1/2-1/2"]
[WhiteElo "2363"]
[BlackElo "2547"]
[PlyCount "37"]
[EventDate "2008.07.28"]
[EventType "swiss"]
[EventRounds "11"]
[EventCountry "GBR"]

1. e4 e6 2. d3 d5 3. Nd2 Nf6 4. Ngf3 b6 5. c3 c5 6. e5 Nfd7 7. d4 Be7 8. Bb5 a6
9. Bd3 Nc6 10. O-O g5 11. h3 h5 12. g4 hxg4 13. hxg4 b5 14. a4 b4 15. Re1 a5
16. Bb5 Na7 17. Be2 Nc6 18. Bb5 Na7 19. Be2 1/2-1/2

[Event "GBR-ch 95th"]
[Site "Liverpool"]
[Date "2008.08.02"]
[Round "6.9"]
[White "Quillan, Gary"]
[Black "Haslinger, Stewart"]
[Result "0-1"]
[WhiteElo "2339"]
[BlackElo "2511"]
[PlyCount "78"]
[EventDate "2008.07.28"]
[EventType "swiss"]
[EventRounds "11"]
[EventCountry "GBR"]

1. e4 e5 2. Nf3 Nc6 3. Bb5 a6 4. Ba4 Nf6 5. O-O Be7 6. Re1 b5 7. Bb3 d6 8. c3
O-O 9. d4 Bg4 10. d5 Na5 11. Bc2 c6 12. h3 Bc8 13. dxc6 Qc7 14. Nbd2 Qxc6 15.
a4 Be6 16. Ng5 Bd7 17. Nf1 Nc4 18. b3 Na5 19. Bd2 Bd8 20. Ng3 Re8 21. Qe2 h6
22. Nf3 Be6 23. axb5 axb5 24. Reb1 Bb6 25. Nh4 Ra7 26. Bd3 Nxb3 27. Rxa7 Nxd2
28. Bxb5 Qxc3 29. Bxe8 Bxa7 30. Rb7 Qxg3 31. Qxd2 Qxh4 32. Rxa7 Nxe8 33. Ra8
Qe7 34. Qb4 Kh7 35. Qb8 Nf6 36. Ra7 Nd7 37. Qc7 Qg5 38. Qxd6 Bxh3 39. g3 Qc1+
0-1

[Event "GBR-ch 95th"]
[Site "Liverpool"]
[Date "2008.08.02"]
[Round "6.10"]
[White "Lalic, Susan"]
[Black "Williams, Simon K"]
[Result "0-1"]
[WhiteElo "2344"]
[BlackElo "2496"]
[PlyCount "78"]
[EventDate "2008.07.28"]
[EventType "swiss"]
[EventRounds "11"]
[EventCountry "GBR"]

1. e4 e6 2. d4 d5 3. Nc3 Bb4 4. exd5 exd5 5. Bd3 Nc6 6. a3 Bxc3+ 7. bxc3 Be6 8.
Rb1 b6 9. Ne2 Qd7 10. Ng3 O-O-O 11. O-O Nge7 12. a4 Na5 13. Rb5 Nc4 14. Qf3 c6
15. Bxc4 dxc4 16. Rb1 Bd5 17. Qh5 Rde8 18. Bd2 g6 19. Qg5 Nf5 20. Rfe1 Nxg3 21.
hxg3 Rxe1+ 22. Rxe1 Re8 23. Re5 Rxe5 24. Qxe5 Qe6 25. Qh8+ Kb7 26. Qxh7 Qe2 27.
Qh6 Ka6 28. f3 Qd1+ 29. Kh2 Qxc2 30. g4 Qxa4 31. Qf8 Qb3 32. Kg3 Kb5 33. Qb8 a5
34. Kf4 a4 35. Ke5 Qb2 36. Bg5 Qxc3 37. Bd8 Qe3+ 38. Kf6 Qxd4+ 39. Kg5 c3 0-1

[Event "GBR-ch 95th"]
[Site "Liverpool"]
[Date "2008.08.02"]
[Round "6.11"]
[White "Flear, Glenn C"]
[Black "Ledger, David"]
[Result "1-0"]
[WhiteElo "2493"]
[BlackElo "2260"]
[PlyCount "77"]
[EventDate "2008.07.28"]
[EventType "swiss"]
[EventRounds "11"]
[EventCountry "GBR"]

1. d4 Nf6 2. c4 e6 3. Nc3 Bb4 4. Qc2 O-O 5. a3 Bxc3+ 6. Qxc3 b6 7. Bg5 Bb7 8.
e3 d6 9. Ne2 Nbd7 10. Qd3 Re8 11. Nc3 h6 12. Bh4 Nf8 13. f3 Ng6 14. Bf2 e5 15.
e4 exd4 16. Qxd4 d5 17. cxd5 Nxd5 18. Nxd5 Bxd5 19. O-O-O Bb3 20. Rd2 Qxd4 21.
Rxd4 c5 22. Rd2 Red8 23. Bg3 Ne7 24. Ba6 Rxd2 25. Kxd2 Nc6 26. Kc3 Na5 27. Bd3
Rd8 28. Re1 c4 29. Bc2 Bxc2 30. Kxc2 Nb3 31. Rd1 Rxd1 32. Kxd1 Kf8 33. Kc2 b5
34. Kc3 Nc1 35. Bf2 a6 36. Be3 Nb3 37. a4 Na1 38. axb5 axb5 39. Bf2 1-0

[Event "GBR-ch 95th"]
[Site "Liverpool"]
[Date "2008.08.02"]
[Round "6.13"]
[White "Houska, Jovanka"]
[Black "Addison, Bret"]
[Result "0-1"]
[WhiteElo "2405"]
[BlackElo "2244"]
[PlyCount "114"]
[EventDate "2008.07.28"]
[EventType "swiss"]
[EventRounds "11"]
[EventCountry "GBR"]

1. d4 f5 2. Nf3 Nf6 3. g3 g6 4. Bg2 Bg7 5. O-O O-O 6. c4 d6 7. Nc3 Qe8 8. Nd5
Nxd5 9. cxd5 Nd7 10. Ng5 Nb6 11. a4 c6 12. dxc6 bxc6 13. d5 c5 14. Qc2 Rb8 15.
Bd2 h6 16. Ne6 Bxe6 17. dxe6 Qc8 18. Rfd1 Na8 19. Rab1 Nc7 20. b4 cxb4 21. Rbc1
Nxe6 22. Bd5 Kf7 23. Qb3 Bc3 24. Bxh6 Kf6 25. Bxf8 Nxf8 26. e4 Nd7 27. exf5
gxf5 28. Qc2 Ne5 29. Qe2 e6 30. Bg2 Qc5 31. Qa6 Rd8 32. Qb7 d5 33. Qh7 Rd7 34.
Qh6+ Ke7 35. h3 d4 36. Qg7+ Nf7 37. Rd3 Qe5 38. Qh7 Qf6 39. f4 b3 40. Qh5 b2
41. Rb1 e5 42. fxe5 Nxe5 43. Bf1 Nxd3 44. Bxd3 Qe5 45. Qg5+ Kd6 46. Bxf5 Rg7
47. Qd8+ Kc5 48. Qf8+ Kd5 49. Bg4 Qxg3+ 50. Kh1 Rxg4 51. Qf5+ Qe5 52. Qd7+ Kc4
53. Qxg4 Kb3 54. Qd1+ Ka2 55. Qd3 Qe3 56. Qc2 d3 57. Qd1 Qe2 0-1

[Event "GBR-ch 95th"]
[Site "Liverpool"]
[Date "2008.08.02"]
[Round "6.14"]
[White "Ynojosa, Felix Jose"]
[Black "Buckley, Graeme"]
[Result "1-0"]
[WhiteElo "2101"]
[BlackElo "2401"]
[PlyCount "89"]
[EventDate "2008.07.28"]
[EventType "swiss"]
[EventRounds "11"]
[EventCountry "GBR"]

1. e4 c5 2. c3 e6 3. d4 d5 4. exd5 exd5 5. Nf3 Nc6 6. Be2 Bd6 7. dxc5 Bxc5 8.
O-O Nge7 9. Nbd2 O-O 10. Nb3 Bb6 11. Nfd4 Ng6 12. Be3 Nce5 13. f4 Nc6 14. Qd2
Re8 15. Bd3 Bd7 16. Rae1 Nge7 17. Qf2 Nc8 18. Qf3 Be6 19. Qg3 Bc7 20. Nc5 Qf6
21. Nxb7 Nxd4 22. Bxd4 Qh6 23. Nc5 Ne7 24. Nxe6 fxe6 25. Rxe6 Ng6 26. Rxe8+
Rxe8 27. Bxg6 hxg6 28. Qf3 Re4 29. g3 a5 30. f5 Be5 31. Bxe5 Rxe5 32. fxg6 Qxg6
33. Kg2 Kh7 34. Rf2 a4 35. Rd2 Qb1 36. a3 Qc1 37. Qf4 Qe1 38. Rf2 Kg8 39. Qxa4
Re2 40. Qa8+ Kh7 41. Qf8 Rxf2+ 42. Qxf2 Qe4+ 43. Kh3 Qe6+ 44. g4 g5 45. Qf5+
1-0

[Event "GBR-ch 95th"]
[Site "Liverpool"]
[Date "2008.08.02"]
[Round "6.16"]
[White "Briscoe, Christopher"]
[Black "Greet, Andrew"]
[Result "0-1"]
[WhiteElo "2232"]
[BlackElo "2453"]
[PlyCount "64"]
[EventDate "2008.07.28"]
[EventType "swiss"]
[EventRounds "11"]
[EventCountry "GBR"]

1. e4 e5 2. Nf3 Nc6 3. Bb5 a6 4. Ba4 Nf6 5. O-O Be7 6. Qe2 b5 7. Bb3 O-O 8. c3
d5 9. d3 Re8 10. a3 h6 11. Rd1 Bf8 12. Nbd2 Be6 13. Nf1 Qd7 14. Ne3 Rad8 15.
Ba2 Qc8 16. exd5 Nxd5 17. Nxd5 Bxd5 18. Bxd5 Rxd5 19. c4 bxc4 20. dxc4 Rxd1+
21. Qxd1 e4 22. Ne1 Rd8 23. Qa4 Ne5 24. Qc2 Bc5 25. b4 Bd4 26. Bb2 Qg4 27. h3
Qf4 28. Rd1 Nc6 29. Kf1 Qe5 30. Bxd4 Nxd4 31. Qc3 Kh7 32. Nc2 Nf3 0-1

[Event "GBR-ch 95th"]
[Site "Liverpool"]
[Date "2008.08.02"]
[Round "6.18"]
[White "Rudd, Jack"]
[Black "Rayner, Francis"]
[Result "1-0"]
[WhiteElo "2345"]
[BlackElo "2207"]
[PlyCount "47"]
[EventDate "2008.07.28"]
[EventType "swiss"]
[EventRounds "11"]
[EventCountry "GBR"]

1. e4 Nf6 2. Nc3 e5 3. d4 exd4 4. Qxd4 Nc6 5. Qe3 d6 6. Bd2 g6 7. O-O-O Bg7 8.
f4 O-O 9. Nf3 Re8 10. Bc4 Be6 11. Bxe6 Rxe6 12. Qd3 Nb4 13. Qc4 c5 14. Ng5 Re7
15. e5 dxe5 16. fxe5 Nfd5 17. a3 b5 18. Nxb5 Rxe5 19. Nxf7 Kxf7 20. axb4 cxb4
21. Rhe1 Qa5 22. Kb1 Rd8 23. Rxe5 Bxe5 24. Bg5 1-0